Law and professional issues in nursing / (Record no. 26678)
[ view plain ]
| 000 -LEADER | |
|---|---|
| fixed length control field | 01373cam a22003015a 4500 |
| 001 - CONTROL NUMBER | |
| control field | 17921395 |
| 005 - DATE AND TIME OF LATEST TRANSACTION | |
| control field | 20180509135002.0 |
| 008 - FIXED-LENGTH DATA ELEMENTS--GENERAL INFORMATION | |
| fixed length control field | 131029s2014 enk frb 001 0 eng d |
| 020 ## - INTERNATIONAL STANDARD BOOK NUMBER | |
| International Standard Book Number | 9781446268582 |
| 040 ## - CATALOGING SOURCE | |
| Original cataloging agency | CDX |
| Language of cataloging | eng |
| Transcribing agency | CDX |
| Modifying agency | CDX |
| -- | YDXCP |
| -- | NLM |
| -- | OCLCO |
| -- | OCLCF |
| -- | UKMGB |
| -- | NLE |
| -- | UKBOL |
| -- | BDX |
| -- | OCLCQ |
| -- | WBT |
| -- | DLC |
| -- | EG-ScBUE |
| 043 ## - GEOGRAPHIC AREA CODE | |
| Geographic area code | e-uk--- |
| 082 04 - DEWEY DECIMAL CLASSIFICATION NUMBER | |
| Classification number | 344.410414 |
| Edition number | 22 |
| Item number | GRI |
| 100 1# - MAIN ENTRY--PERSONAL NAME | |
| Personal name | Griffith, Richard |
| Fuller form of name | (Richard A.) |
| 245 10 - TITLE STATEMENT | |
| Title | Law and professional issues in nursing / |
| Statement of responsibility, etc | Richard Griffith and Cassam Tengnah. |
| 250 ## - EDITION STATEMENT | |
| Edition statement | 3rd ed. |
| 260 ## - PUBLICATION, DISTRIBUTION, ETC. (IMPRINT) | |
| Place of publication, distribution, etc | London : |
| Name of publisher, distributor, etc | SAGE/Learning Matters, |
| Date of publication, distribution, etc | 2014. |
| 300 ## - PHYSICAL DESCRIPTION | |
| Extent | x, 276 p. ; |
| Dimensions | 25 cm. |
| 490 0# - Series Statement | |
| Series statement | Transforming nursing practice series |
| 504 ## - BIBLIOGRAPHY, ETC. NOTE | |
| Bibliography, etc | Includes bibliographical references and index. |
| 505 0# - FORMATTED CONTENTS NOTE | |
| Formatted contents note | Introduction to law in nursing -- Principled decision making in nursing -- Accountability -- Equality and human rights -- Consent to treatment -- Mental health -- Protecting the vulnerable adult -- Consent and children -- Safeguarding children -- Negligence -- Record keeping -- Confidentiality -- Health and safety |
| 650 #7 - SUBJECT ADDED ENTRY--TOPICAL TERM | |
| Topical term or geographic name as entry element | Nursing |
| General subdivision | Law and legislation |
| Geographic subdivision | Great Britain. |
| Source of heading or term | BUEsh |
| 650 #7 - SUBJECT ADDED ENTRY--TOPICAL TERM | |
| Topical term or geographic name as entry element | Nursing ethics |
| Geographic subdivision | Great Britain. |
| Source of heading or term | BUEsh |
| 650 #7 - SUBJECT ADDED ENTRY--TOPICAL TERM | |
| Topical term or geographic name as entry element | Nurses |
| Geographic subdivision | Great Britain |
| General subdivision | Handbooks, manuals, etc. |
| Source of heading or term | BUEsh |
| 651 ## - SUBJECT ADDED ENTRY--GEOGRAPHIC NAME | |
| Source of heading or term | BUEsh |
| 653 ## - INDEX TERM--UNCONTROLLED | |
| Resource For college | Nursing |
| -- | Law |
| Arrived date list | May2018 |
| 700 1# - ADDED ENTRY--PERSONAL NAME | |
| Personal name | Tengnah, Cassam. |
| 942 ## - ADDED ENTRY ELEMENTS (KOHA) | |
| Source of classification or shelving scheme | Dewey Decimal Classification |
| Withdrawn status | Item status | Source of classification or shelving scheme | Damaged status | Not for loan | Vendor | Home library | Current library | Shelving location | Date acquired | Source of acquisition | Cost, normal purchase price | Serial Enumeration / chronology | Total Checkouts | Full call number | Barcode | Date last seen | Cost, replacement price | Koha item type |
|---|---|---|---|---|---|---|---|---|---|---|---|---|---|---|---|---|---|---|
| Dewey Decimal Classification | Baccah | Central Library | Central Library | First floor | 09/05/2018 | Purchase | 247.00 | 21201 | 344.410414 GRI | 000047728 | 15/07/2025 | 309.00 | Book - Borrowing |